Bhojapurī, eka samīkshā. (Record no. 74202)

MARC details
000 -LEADER
fixed length control field 00538cam a22002171 4500
001 - CONTROL NUMBER
control field sa 67003960
003 - CONTROL NUMBER IDENTIFIER
control field DLC
005 - DATE AND TIME OF LATEST TRANSACTION
control field 20260227112343.0
008 - FIXED-LENGTH DATA ELEMENTS--GENERAL INFORMATION
fixed length control field 891222s1964 ii 000 0 hino
010 ## - LIBRARY OF CONGRESS CONTROL NUMBER
LC control number sa 67003960
035 ## - SYSTEM CONTROL NUMBER
System control number (OCoLC)20817184
040 ## - CATALOGING SOURCE
Original cataloging agency DLC
Transcribing agency WaU
Modifying agency DLC
042 ## - AUTHENTICATION CODE
Authentication code premarc
050 00 - LIBRARY OF CONGRESS CALL NUMBER
Classification number PK18275
Item number .S48
100 1# - MAIN ENTRY--PERSONAL NAME
Personal name Siṃha, Durgāśaṅkaraprasāda,
Dates associated with a name 1896-
245 10 - TITLE STATEMENT
Title Bhojapurī, eka samīkshā.
260 ## - PUBLICATION, DISTRIBUTION, ETC.
Date of publication, distribution, etc. 1964.
300 ## - PHYSICAL DESCRIPTION
Extent 52 p.
Dimensions 19 cm.
500 ## - GENERAL NOTE
General note In Hindi.
650 #0 - SUBJECT ADDED ENTRY--TOPICAL TERM
Topical term or geographic name entry element Bhojpuri language.

No items available.

Powered by Koha